[Event "Mitropa Cup 23th"]
[Site "Zemplinska Sirava"]
[Date "2004.06.05"]
[Round "8.4"]
[White "Sakelsek, Tadej"]
[Black "Pilaj, Herwig"]
[Result "1-0"]
[WhiteElo "2374"]
[BlackElo "2389"]
[PlyCount "71"]
[EventDate "2004.05.29"]
[EventType "team-tourn"]
[EventRounds "9"]
[EventCountry "SVK"]
[Source "ChessBase"]
[SourceDate "2004.07.06"]
[WhiteTeam "Slovenia"]
[BlackTeam "Austria"]
[WhiteTeamCountry "SLO"]
[BlackTeamCountry "AUT"]

1. e4 c5 2. Nf3 Nc6 3. d4 cxd4 4. Nxd4 Qb6 5. Nb3 Nf6 6. Nc3 e6 7. Be3 Qc7 8.
f4 d6 9. Qf3 a6 10. Bd3 b5 11. O-O Rb8 12. a4 b4 13. Ne2 Be7 14. g4 g5 15. e5
dxe5 16. fxg5 e4 17. Bxe4 Ne5 18. Bc6+ Nxc6 19. gxf6 Bd6 20. Bf4 e5 21. Be3 Bb7
22. Qf2 Rg8 23. h3 h5 24. g5 Nd4 25. Nbxd4 exd4 26. Nxd4 Bg3 27. Qe2 Qe5 28.
Rf5 Qe4 29. Bf2 Qxe2 30. Nxe2 Bc7 31. Re1 Kd7 32. Rd1+ Kc8 33. Rc5 Bf3 34. Bg3
Rb7 35. Kf2 Be4 36. Rd4 1-0

[Event "Mitropa Cup 23th"]
[Site "Zemplinska Sirava"]
[Date "2004.06.05"]
[Round "8.1"]
[White "Varga, Zoltan"]
[Black "Jankovic, Alojzije"]
[Result "1-0"]
[WhiteElo "2564"]
[BlackElo "2444"]
[PlyCount "113"]
[EventDate "2004.05.29"]
[EventType "team-tourn"]
[EventRounds "9"]
[EventCountry "SVK"]
[Source "ChessBase"]
[SourceDate "2004.07.06"]
[WhiteTeam "Hungary"]
[BlackTeam "Croatia"]
[WhiteTeamCountry "HUN"]
[BlackTeamCountry "CRO"]

1. e4 c5 2. Nf3 Nc6 3. d4 cxd4 4. Nxd4 e5 5. Nb5 d6 6. Be3 a6 7. N5c3 Nf6 8.
Bg5 Be7 9. Bxf6 Bxf6 10. Bc4 O-O 11. O-O Bg5 12. Nd5 Kh8 13. Nbc3 b5 14. Bb3 f5
15. exf5 Bxf5 16. Ne2 e4 17. Nd4 Nxd4 18. Qxd4 Qe8 19. Nc7 Qg6 20. Nxa8 Bh3 21.
Qc3 Bxg2 22. Bf7 Qxf7 23. Kxg2 Bf4 24. Qh3 Qb7 25. f3 Qxa8 26. fxe4 Qxe4+ 27.
Qf3 Qxc2+ 28. Rf2 Qc5 29. Raf1 g5 30. Qe4 Qe5 31. Qxe5+ dxe5 32. Rd1 Kg7 33.
Rd7+ Kg6 34. Rd6+ Kf5 35. Rxa6 e4 36. Rb6 e3 37. Rxb5+ Ke4 38. Rb4+ Kd3 39.
Rb3+ Ke4 40. Rc2 Rd8 41. Rc4+ Kf5 42. Rb5+ Kg4 43. h3+ Kh4 44. Rc2 g4 45. hxg4
Kxg4 46. Rb7 Re8 47. Rg7+ Bg5 48. Rc4+ Kh5 49. Rxh7+ Kg6 50. Rh1 e2 51. Re1 Bd2
52. Kf2 Bxe1+ 53. Kxe1 Kf5 54. Rc2 Ra8 55. b3 Ke4 56. Kxe2 Rh8 57. Kd2 1-0

[Event "Mitropa Cup 23th"]
[Site "Zemplinska Sirava"]
[Date "2004.06.05"]
[Round "8.3"]
[White "Balogh, Csaba"]
[Black "Kuljasevic, Davorin"]
[Result "1-0"]
[WhiteElo "2468"]
[BlackElo "2408"]
[PlyCount "119"]
[EventDate "2004.05.29"]
[EventType "team-tourn"]
[EventRounds "9"]
[EventCountry "SVK"]
[Source "ChessBase"]
[SourceDate "2004.07.06"]
[WhiteTeam "Hungary"]
[BlackTeam "Croatia"]
[WhiteTeamCountry "HUN"]
[BlackTeamCountry "CRO"]

1. e4 c5 2. Nf3 Nc6 3. Bb5 e6 4. O-O Nge7 5. Re1 Nd4 6. Bf1 Nec6 7. c3 Nxf3+ 8.
Qxf3 Be7 9. d3 O-O 10. a4 d6 11. Na3 e5 12. Nc2 f5 13. exf5 Bxf5 14. b4 Bg6 15.
Qe2 cxb4 16. cxb4 d5 17. Ba3 e4 18. dxe4 dxe4 19. Rad1 Qe8 20. b5 Ne5 21. Bxe7
Qxe7 22. Nd4 Rae8 23. h3 Qf6 24. Qa2+ Kh8 25. Re3 Rd8 26. Rd2 Nd3 27. Ne6 Bf7
28. Rxe4 Nc5 29. Rxd8 Rxd8 30. Nxd8 Bxa2 31. Re8+ Bg8 32. Bc4 h5 33. Bxg8 g6
34. Nxb7 Nxb7 35. Bd5+ Kg7 36. Bxb7 Qa1+ 37. Kh2 Qxa4 38. Bc6 Qf4+ 39. Kg1 Qc1+
40. Kh2 Qf4+ 41. Kg1 a5 42. g3 Qc1+ 43. Kg2 a4 44. Ra8 Qc4 45. Ra5 g5 46. Bf3
g4 47. hxg4 hxg4 48. Ba8 Qb4 49. Ra7+ Kf6 50. b6 Ke5 51. Ra6 a3 52. Bc6 Kd6 53.
b7 Kc7 54. Ra8 a2 55. Bd5 Kd6 56. Rd8+ Ke5 57. b8=Q+ Qxb8 58. Rxb8 a1=Q 59. Bg8
Qa4 60. Rf8 1-0

[Event "Mitropa Cup 23th"]
[Site "Zemplinska Sirava"]
[Date "2004.06.05"]
[Round "8.4"]
[White "Saric, Ante"]
[Black "Antal, Gergely"]
[Result "1-0"]
[WhiteElo "2393"]
[BlackElo "2495"]
[PlyCount "107"]
[EventDate "2004.05.29"]
[EventType "team-tourn"]
[EventRounds "9"]
[EventCountry "SVK"]
[Source "ChessBase"]
[SourceDate "2004.07.06"]
[WhiteTeam "Croatia"]
[BlackTeam "Hungary"]
[WhiteTeamCountry "CRO"]
[BlackTeamCountry "HUN"]

1. d4 f5 2. g3 Nf6 3. Bg2 g6 4. c3 Bg7 5. Nd2 d5 6. Nh3 O-O 7. Nf4 c6 8. Nf3
Ne4 9. Nd3 Nd7 10. Bf4 e6 11. h4 c5 12. O-O b6 13. Nfe5 Nxe5 14. Nxe5 Bb7 15.
e3 Nd6 16. Qa4 Bxe5 17. Bxe5 Nc4 18. b3 Nxe5 19. dxe5 Qc7 20. Qf4 Qg7 21. c4
Rfe8 22. Rad1 Rad8 23. cxd5 Bxd5 24. e4 fxe4 25. Bxe4 Rd7 26. Bxd5 exd5 27.
Rfe1 Rf7 28. Qe3 d4 29. Qe4 Rfe7 30. f4 Qf7 31. Kg2 Qf5 32. Qd5+ Kg7 33. Rd2
Rc8 34. b4 Qd7 35. Qxd7 Rxd7 36. bxc5 Rxc5 37. Red1 Rc4 38. Kf3 Ra4 39. g4 Kf7
40. Rd3 Rxa2 41. Rxd4 Re7 42. Rd8 h6 43. Rh8 Kg7 44. Rdd8 Rc7 45. f5 gxf5 46.
gxf5 Ra5 47. Rhg8+ Kh7 48. Rh8+ Kg7 49. Rdg8+ Kf7 50. Rh7+ Kxg8 51. Rxc7 b5 52.
e6 Ra6 53. Rc8+ Kg7 54. e7 1-0

[Event "Mitropa Cup 23th"]
[Site "Zemplinska Sirava"]
[Date "2004.06.05"]
[Round "8.1"]
[White "Gerber, Richard"]
[Black "Maze, Sebastien"]
[Result "1-0"]
[WhiteElo "2414"]
[BlackElo "2486"]
[PlyCount "75"]
[EventDate "2004.05.29"]
[EventType "team-tourn"]
[EventRounds "9"]
[EventCountry "SVK"]
[Source "ChessBase"]
[SourceDate "2004.07.06"]
[WhiteTeam "Switzerland"]
[BlackTeam "France"]
[WhiteTeamCountry "SUI"]
[BlackTeamCountry "FRA"]

1. Nf3 c5 2. c4 Nc6 3. d4 cxd4 4. Nxd4 e6 5. g3 Nf6 6. Bg2 a6 7. O-O Qc7 8. Nc3
h5 9. Nb3 h4 10. Bf4 d6 11. Rc1 hxg3 12. hxg3 Nh5 13. Qd2 Nxf4 14. Qxf4 Qe7 15.
c5 Qf6 16. Qxf6 gxf6 17. cxd6 Bxd6 18. Rfd1 Ke7 19. Na4 Rd8 20. Bxc6 bxc6 21.
Na5 Bd7 22. Nb7 Bc7 23. Nxd8 Bxd8 24. Rc3 Rb8 25. Nc5 Bc8 26. Rb3 Rxb3 27. axb3
Bb6 28. Rc1 Kd6 29. Ne4+ Kc7 30. e3 f5 31. Ng5 f6 32. Nh7 e5 33. Nxf6 Be6 34.
b4 Kd6 35. Kf1 Bf7 36. Ke2 Bd8 37. Rd1+ Ke7 38. Rd7+ 1-0

[Event "Mitropa Cup 23th"]
[Site "Zemplinska Sirava"]
[Date "2004.06.05"]
[Round "8.2"]
[White "Guidarelli, Laurent"]
[Black "Papa, Severin"]
[Result "1/2-1/2"]
[WhiteElo "2444"]
[BlackElo "2405"]
[PlyCount "37"]
[EventDate "2004.05.29"]
[EventType "team-tourn"]
[EventRounds "9"]
[EventCountry "SVK"]
[Source "ChessBase"]
[SourceDate "2004.07.06"]
[WhiteTeam "France"]
[BlackTeam "Switzerland"]
[WhiteTeamCountry "FRA"]
[BlackTeamCountry "SUI"]

1. d4 d5 2. c4 c6 3. Nf3 Nf6 4. e3 a6 5. Nc3 b5 6. b3 Bg4 7. Be2 e6 8. O-O Nbd7
9. Bb2 Bd6 10. h3 Bh5 11. Ne5 Bxe2 12. Nxe2 Qc7 13. cxd5 cxd5 14. Rc1 Qb8 15.
Nxd7 Nxd7 16. e4 dxe4 17. d5 O-O 18. dxe6 Nc5 19. Qd4 1/2-1/2

[Event "Mitropa Cup 23th"]
[Site "Zemplinska Sirava"]
[Date "2004.06.05"]
[Round "8.1"]
[White "Prusikin, Michael"]
[Black "Manik, Mikulas"]
[Result "1/2-1/2"]
[WhiteElo "2518"]
[BlackElo "2491"]
[PlyCount "54"]
[EventDate "2004.05.29"]
[EventType "team-tourn"]
[EventRounds "9"]
[EventCountry "SVK"]
[Source "ChessBase"]
[SourceDate "2004.07.06"]
[WhiteTeam "Germany"]
[BlackTeam "Slovakia"]
[WhiteTeamCountry "GER"]
[BlackTeamCountry "SVK"]

1. d4 d5 2. c4 c6 3. Nf3 Nf6 4. e3 a6 5. Nc3 b5 6. c5 Bf5 7. Ne5 g6 8. g4 Be6
9. Bg2 Bg7 10. Bd2 O-O 11. f4 Qc8 12. h3 a5 13. a3 Ne8 14. Nd3 Nd7 15. Ne2 f6
16. O-O Bf7 17. f5 e5 18. fxe6 Bxe6 19. Ndf4 Bf7 20. Ng3 Nc7 21. Rf2 Re8 22.
Qc2 Nf8 23. Raf1 Nfe6 24. Nfe2 Ng5 25. e4 Nxe4 26. Bxe4 dxe4 27. Nxe4 Qd7
1/2-1/2

[Event "Mitropa Cup 23th"]
[Site "Zemplinska Sirava"]
[Date "2004.06.05"]
[Round "8.4"]
[White "Pinter, Erik"]
[Black "Bindrich, Falko"]
[Result "1-0"]
[WhiteElo "2410"]
[BlackElo "2253"]
[PlyCount "89"]
[EventDate "2004.05.29"]
[EventType "team-tourn"]
[EventRounds "9"]
[EventCountry "SVK"]
[Source "ChessBase"]
[SourceDate "2004.07.06"]
[WhiteTeam "Slovakia"]
[BlackTeam "Germany"]
[WhiteTeamCountry "SVK"]
[BlackTeamCountry "GER"]

1. e4 c5 2. Nc3 d6 3. f4 Nc6 4. Nf3 g6 5. Bb5 Bg7 6. O-O Bd7 7. d3 e6 8. Qe1
Nd4 9. Nxd4 cxd4 10. Bxd7+ Qxd7 11. Ne2 Rc8 12. c3 dxc3 13. bxc3 Ne7 14. Be3 b6
15. a4 O-O 16. a5 b5 17. a6 Nc6 18. Rb1 Nb8 19. Nd4 Nxa6 20. Nxb5 Nc5 21. f5 a6
22. f6 Bxf6 23. Rxf6 axb5 24. Bh6 Rfe8 25. Qg3 e5 26. Rbf1 Ne6 27. d4 Re7 28.
d5 Ng7 29. Bg5 Nh5 30. Qh4 Rce8 31. g4 Nf4 32. Kh1 b4 33. Qh6 Qb5 34. Rf3 bxc3
35. R6xf4 f5 36. Bxe7 c2 37. Rxf5 Qb1+ 38. Rf1 gxf5 39. Qe6+ Kg7 40. Qf6+ Kg8
41. Qe6+ Kg7 42. Qf6+ Kg8 43. Qxf5 Qxf1+ 44. Qxf1 Rxe7 45. Qc4 1-0

[Event "Mitropa Cup 23th"]
[Site "Zemplinska Sirava"]
[Date "2004.06.06"]
[Round "9.3"]
[White "Libiszewski, Fabien"]
[Black "Kuba, Guenter"]
[Result "0-1"]
[WhiteElo "2441"]
[BlackElo "2339"]
[PlyCount "94"]
[EventDate "2004.05.29"]
[EventType "team-tourn"]
[EventRounds "9"]
[EventCountry "SVK"]
[Source "ChessBase"]
[SourceDate "2004.07.06"]
[WhiteTeam "France"]
[BlackTeam "Austria"]
[WhiteTeamCountry "FRA"]
[BlackTeamCountry "AUT"]

1. e4 e5 2. Nf3 Nc6 3. Bb5 a6 4. Ba4 Nf6 5. O-O Be7 6. Re1 b5 7. Bb3 d6 8. c3
O-O 9. d4 Bg4 10. Be3 exd4 11. cxd4 d5 12. e5 Ne4 13. h3 Bh5 14. Nc3 Nxc3 15.
bxc3 Bg6 16. Bc2 Bxc2 17. Qxc2 Na5 18. Qf5 Qc8 19. Qh5 Nc4 20. g4 Re8 21. Bg5
Bf8 22. a4 Nb6 23. axb5 axb5 24. Rxa8 Nxa8 25. Be3 h6 26. Rb1 Qd7 27. Nd2 Nb6
28. f4 Qc6 29. Nf1 Na4 30. f5 Nxc3 31. Re1 b4 32. Nd2 Rb8 33. Rf1 b3 34. e6 Qe8
35. Bf4 Ne2+ 36. Kg2 Nxf4+ 37. Rxf4 b2 38. Nb1 fxe6 39. fxe6 Qxe6 40. Qf5 Qxf5
41. Rxf5 c6 42. Rf3 Be7 43. Rc3 Rb6 44. Kf3 Bf6 45. Ke3 Kf7 46. Kd3 Ke7 47. Rc2
Kd6 0-1

[Event "Mitropa Cup 23th"]
[Site "Zemplinska Sirava"]
[Date "2004.06.06"]
[Round "9.4"]
[White "Pilaj, Herwig"]
[Black "Wirig, Anthony"]
[Result "1-0"]
[WhiteElo "2389"]
[BlackElo "2422"]
[PlyCount "105"]
[EventDate "2004.05.29"]
[EventType "team-tourn"]
[EventRounds "9"]
[EventCountry "SVK"]
[Source "ChessBase"]
[SourceDate "2004.07.06"]
[WhiteTeam "Austria"]
[BlackTeam "France"]
[WhiteTeamCountry "AUT"]
[BlackTeamCountry "FRA"]

1. e4 c5 2. Nf3 Nc6 3. Bb5 e6 4. Bxc6 bxc6 5. d3 Qc7 6. Qe2 Ne7 7. Nbd2 e5 8.
Nc4 Ng6 9. a3 f6 10. h4 h5 11. Ne3 d6 12. g3 Be6 13. O-O Ne7 14. b4 cxb4 15.
axb4 d5 16. c3 Nc8 17. Ra5 Nb6 18. Bd2 Be7 19. c4 d4 20. Nf5 Bf8 21. Rfa1 g6
22. c5 Nc8 23. N5xd4 exd4 24. Nxd4 Bg4 25. Qe1 Bh6 26. Bxh6 Rxh6 27. Ra6 Ne7
28. b5 cxb5 29. Qc1 Rh8 30. Nxb5 Qd8 31. Rxf6 Rf8 32. Qf4 Rxf6 33. Qxf6 Ng8 34.
Qxg6+ Kf8 35. d4 Qf6 36. Qxf6+ Nxf6 37. f3 Rb8 38. Nd6 Bxf3 39. Rxa7 Kg8 40.
Rf7 Rf8 41. Rxf8+ Kxf8 42. Kf2 Bxe4 43. Nxe4 Nxe4+ 44. Kf3 Nc3 45. g4 hxg4+ 46.
Kxg4 Nb5 47. c6 Ke7 48. h5 Nxd4 49. c7 Kd7 50. h6 Nc6 51. h7 Ne5+ 52. Kf5 Nf7
53. Kf6 1-0

[Event "Mitropa Cup 23th"]
[Site "Zemplinska Sirava"]
[Date "2004.06.06"]
[Round "9.1"]
[White "Jankovic, Alojzije"]
[Black "Gerber, Richard"]
[Result "1-0"]
[WhiteElo "2444"]
[BlackElo "2414"]
[PlyCount "115"]
[EventDate "2004.05.29"]
[EventType "team-tourn"]
[EventRounds "9"]
[EventCountry "SVK"]
[Source "ChessBase"]
[SourceDate "2004.07.06"]
[WhiteTeam "Croatia"]
[BlackTeam "Switzerland"]
[WhiteTeamCountry "CRO"]
[BlackTeamCountry "SUI"]

1. d4 d5 2. c4 Nc6 3. Nf3 Bg4 4. Nc3 e6 5. Bg5 f6 6. cxd5 exd5 7. Bf4 Nge7 8.
e3 Qd7 9. h3 Be6 10. Qb3 Na5 11. Qb5 Nec6 12. Rc1 Be7 13. a3 a6 14. Qa4 Rb8 15.
Qc2 b5 16. Bd3 b4 17. Nb1 b3 18. Qe2 Nc4 19. Bxc4 dxc4 20. Nc3 Na5 21. e4 O-O
22. O-O Bd6 23. Be3 Bf7 24. Nd2 Rfe8 25. d5 f5 26. Nxc4 Nxc4 27. Qxc4 f4 28.
Bc5 f3 29. Bxd6 fxg2 30. Kxg2 cxd6 31. f4 Qa7 32. Rce1 h6 33. Qd3 Qc5 34. Qxa6
Qd4 35. Qe2 Rbc8 36. Qe3 Qf6 37. Kh2 Rc4 38. e5 Qf5 39. e6 Bg6 40. Qg3 Rd4 41.
Rf2 Re7 42. Qh4 Kf8 43. a4 Rd3 44. Rg1 Ke8 45. Rg3 Rd4 46. a5 Rb4 47. Rg1 Rc7
48. Qg3 Kd8 49. Qe3 Be8 50. a6 Kc8 51. a7 Kb7 52. Ra1 Ka8 53. Ra6 Qf6 54. Rb6
Qd4 55. Rb8+ Kxa7 56. Qxd4+ Rxd4 57. Rxe8 Rb4 58. e7 1-0

[Event "Mitropa Cup 23th"]
[Site "Zemplinska Sirava"]
[Date "2004.06.06"]
[Round "9.2"]
[White "Landenbergue, Claude"]
[Black "Brkic, Ante"]
[Result "0-1"]
[WhiteElo "2394"]
[BlackElo "2427"]
[PlyCount "76"]
[EventDate "2004.05.29"]
[EventType "team-tourn"]
[EventRounds "9"]
[EventCountry "SVK"]
[Source "ChessBase"]
[SourceDate "2004.07.06"]
[WhiteTeam "Switzerland"]
[BlackTeam "Croatia"]
[WhiteTeamCountry "SUI"]
[BlackTeamCountry "CRO"]

1. d4 Nf6 2. Nf3 g6 3. c4 Bg7 4. g3 d5 5. cxd5 Nxd5 6. Bg2 Nb6 7. O-O Nc6 8.
Nc3 Nxd4 9. Nxd4 Qxd4 10. Nb5 Qc4 11. a4 O-O 12. Bf4 Bg4 13. Rc1 Bxe2 14. Rxc4
Bxd1 15. Rxc7 Bxa4 16. Nc3 Bc6 17. Ra1 Bxc3 18. bxc3 Nd5 19. Bxd5 Bxd5 20. Rxe7
Bc6 21. Bc7 Rfe8 22. Rxe8+ Rxe8 23. f4 a6 24. Rd1 Re2 25. Rd6 Rg2+ 26. Kf1 Rxh2
27. g4 f5 28. g5 Rh3 29. c4 Rc3 30. Rd8+ Kf7 31. Rh8 Rxc4 32. Rxh7+ Ke6 33. Be5
Kd5 34. Rg7 Ke4 35. Rxg6 Ke3 36. Kg1 Rc1+ 37. Kh2 Kf3 38. Rd6 Kg4 0-1

[Event "Mitropa Cup 23th"]
[Site "Zemplinska Sirava"]
[Date "2004.06.06"]
[Round "9.3"]
[White "Kuljasevic, Davorin"]
[Black "Nemet, Ivan"]
[Result "1/2-1/2"]
[WhiteElo "2408"]
[BlackElo "2361"]
[PlyCount "80"]
[EventDate "2004.05.29"]
[EventType "team-tourn"]
[EventRounds "9"]
[EventCountry "SVK"]
[Source "ChessBase"]
[SourceDate "2004.07.06"]
[WhiteTeam "Croatia"]
[BlackTeam "Switzerland"]
[WhiteTeamCountry "CRO"]
[BlackTeamCountry "SUI"]

1. d4 Nf6 2. Nf3 g6 3. g3 Bg7 4. Bg2 O-O 5. O-O d6 6. c4 c6 7. Nc3 Bf5 8. Ne1
Qd7 9. e4 Bh3 10. Nd3 Bxg2 11. Kxg2 b5 12. cxb5 cxb5 13. f3 e6 14. Be3 Ne8 15.
Qd2 Qb7 16. Rac1 Nd7 17. Bh6 b4 18. Ne2 Bxh6 19. Qxh6 f5 20. e5 Ng7 21. Nef4
dxe5 22. dxe5 Rfd8 23. h4 Nf8 24. Rf2 a5 25. b3 Rac8 26. Rxc8 Qxc8 27. h5 gxh5
28. Qg5 Qc7 29. Nb2 Ng6 30. Nc4 Nxf4+ 31. Qxf4 Ra8 32. Qd4 a4 33. Rd2 axb3 34.
axb3 Rf8 35. Qd7 Qxd7 36. Rxd7 f4 37. g4 hxg4 38. fxg4 f3+ 39. Kf2 h5 40. gxh5
Nxh5 1/2-1/2

[Event "Mitropa Cup 23th"]
[Site "Zemplinska Sirava"]
[Date "2004.06.06"]
[Round "9.4"]
[White "Masserey, Yvan"]
[Black "Saric, Ante"]
[Result "1/2-1/2"]
[WhiteElo "2325"]
[BlackElo "2393"]
[PlyCount "50"]
[EventDate "2004.05.29"]
[EventType "team-tourn"]
[EventRounds "9"]
[EventCountry "SVK"]
[Source "ChessBase"]
[SourceDate "2004.07.06"]
[WhiteTeam "Switzerland"]
[BlackTeam "Croatia"]
[WhiteTeamCountry "SUI"]
[BlackTeamCountry "CRO"]

1. e4 e6 2. d4 d5 3. Nd2 c5 4. exd5 Qxd5 5. Ngf3 cxd4 6. Bc4 Qd6 7. O-O Nf6 8.
Nb3 Nc6 9. Nbxd4 Nxd4 10. Qxd4 Bd7 11. Be3 Rc8 12. Bb3 Qxd4 13. Bxd4 Bc5 14.
Rfd1 Ke7 15. Ne5 Rhd8 16. c3 Be8 17. Bxc5+ Rxc5 18. Rxd8 Kxd8 19. Rd1+ Ke7 20.
Nd3 Rc7 21. Ne5 Ne4 22. Bc2 Nc5 23. f4 Na4 24. Bxa4 Bxa4 25. Rd4 Be8 1/2-1/2

[Event "Mitropa Cup 23th"]
[Site "Zemplinska Sirava"]
[Date "2004.06.06"]
[Round "9.2"]
[White "Laznicka, Viktor"]
[Black "Mrva, Martin"]
[Result "1/2-1/2"]
[WhiteElo "2450"]
[BlackElo "2471"]
[PlyCount "52"]
[EventDate "2004.05.29"]
[EventType "team-tourn"]
[EventRounds "9"]
[EventCountry "SVK"]
[Source "ChessBase"]
[SourceDate "2004.07.06"]
[WhiteTeam "Czech Republic"]
[BlackTeam "Slovakia"]
[WhiteTeamCountry "CZE"]
[BlackTeamCountry "SVK"]

1. e4 c5 2. Nf3 Nc6 3. d4 cxd4 4. Nxd4 Nf6 5. Nc3 d6 6. Bc4 Bd7 7. Bb3 g6 8. f3
Nxd4 9. Qxd4 Bg7 10. Be3 O-O 11. Qd2 b5 12. a4 b4 13. Ne2 Qa5 14. O-O Rfc8 15.
Nf4 Rab8 16. Rfe1 Bc6 17. Nd3 Nd7 18. Bg5 e6 19. Bf4 Ne5 20. Nxe5 Bxe5 21. Bxe5
dxe5 22. Qe3 Rd8 23. Red1 Kg7 24. Kf2 Rb7 25. Rxd8 Qxd8 26. Qc5 Rd7 1/2-1/2

[Event "Mitropa Cup 23th"]
[Site "Zemplinska Sirava"]
[Date "2004.06.06"]
[Round "9.3"]
[White "Petrik, Tomas"]
[Black "Jirka, Jiri"]
[Result "1-0"]
[WhiteElo "2413"]
[BlackElo "2408"]
[PlyCount "69"]
[EventDate "2004.05.29"]
[EventType "team-tourn"]
[EventRounds "9"]
[EventCountry "SVK"]
[Source "ChessBase"]
[SourceDate "2004.07.06"]
[WhiteTeam "Slovakia"]
[BlackTeam "Czech Republic"]
[WhiteTeamCountry "SVK"]
[BlackTeamCountry "CZE"]

1. e4 e5 2. Nf3 Nc6 3. Bb5 Nd4 4. Nxd4 exd4 5. O-O Bc5 6. d3 c6 7. Ba4 b5 8.
Bb3 d5 9. exd5 cxd5 10. c4 bxc4 11. dxc4 Ne7 12. cxd5 Bb7 13. Qh5 O-O 14. Bg5
Qd7 15. Bxe7 Bxe7 16. Rd1 Bf6 17. Nd2 g6 18. Ne4 Bg7 19. Qg5 Qd8 20. Rac1 h6
21. Qxd8 Rfxd8 22. Rc5 Rd7 23. Ra5 Re7 24. Nc5 Rae8 25. Kf1 Ba8 26. d6 Re5 27.
Rxa7 Bd5 28. d7 Rd8 29. Bxd5 Rxd5 30. Re1 Bf6 31. Re8+ Kg7 32. Ne4 R5xd7 33.
Rxd7 Rxd7 34. Rg8+ Kxg8 35. Nxf6+ 1-0

[Event "Mitropa Cup 23th"]
[Site "Zemplinska Sirava"]
[Date "2004.06.06"]
[Round "9.3"]
[White "Lenic, Luka"]
[Black "Seel, Christian"]
[Result "1/2-1/2"]
[WhiteElo "2374"]
[BlackElo "2433"]
[PlyCount "144"]
[EventDate "2004.05.29"]
[EventType "team-tourn"]
[EventRounds "9"]
[EventCountry "SVK"]
[Source "ChessBase"]
[SourceDate "2004.07.06"]
[WhiteTeam "Slovenia"]
[BlackTeam "Germany"]
[WhiteTeamCountry "SLO"]
[BlackTeamCountry "GER"]

1. c4 c5 2. Nc3 Nc6 3. g3 Nf6 4. Bg2 e6 5. Nf3 d5 6. cxd5 exd5 7. d4 Be7 8. O-O
O-O 9. dxc5 Bxc5 10. Bg5 d4 11. Na4 Be7 12. Rc1 Qa5 13. a3 Bg4 14. Bxf6 Bxf6
15. h3 Bc8 16. b4 Qa6 17. Ne1 Ne5 18. f4 Nd7 19. Nd3 Re8 20. Kh2 Rb8 21. Bf3 b5
22. Nac5 Nxc5 23. bxc5 Qxa3 24. c6 Qd6 25. Nc5 Bf5 26. e4 Qxc6 27. exf5 Qd6 28.
Ne4 Qb4 29. Rb1 Qc4 30. Qd2 d3 31. Rfc1 Qd4 32. Rb4 Qd7 33. Rb3 Red8 34. g4 Be7
35. Nf2 b4 36. Rxd3 Qb5 37. Qe2 Rxd3 38. Qxd3 Qb6 39. Kg2 b3 40. Bd5 a5 41. Qc4
Bh4 42. Nd1 Qd6 43. g5 Kf8 44. Nb2 h6 45. Qc5 Qxc5 46. Rxc5 hxg5 47. Rxa5 gxf4
48. Ra8 Rxa8 49. Bxa8 Bf6 50. Nc4 g6 51. Be4 Kg7 52. Kf3 gxf5 53. Bxf5 Kh6 54.
Kxf4 Kh5 55. Kf3 Bd4 56. Bb1 b2 57. Nd2 Bf6 58. Ba2 Bg5 59. Nc4 Kh4 60. Kg2 Bc1
61. Ne5 f6 62. Nf3+ Kh5 63. Kf2 Bf4 64. Ke2 Bc1 65. Kd3 Kg6 66. Ke4 Bh6 67. Bb1
Bc1 68. Kd5+ Kf7 69. Kc6 Bf4 70. Kd7 Bc1 71. Ba2+ Kg6 72. Ke6 Bf4 1/2-1/2

[Event "Mitropa Cup 23th"]
[Site "Zemplinska Sirava"]
[Date "2004.06.06"]
[Round "9.4"]
[White "Bindrich, Falko"]
[Black "Sakelsek, Tadej"]
[Result "0-1"]
[WhiteElo "2253"]
[BlackElo "2374"]
[PlyCount "70"]
[EventDate "2004.05.29"]
[EventType "team-tourn"]
[EventRounds "9"]
[EventCountry "SVK"]
[Source "ChessBase"]
[SourceDate "2004.07.06"]
[WhiteTeam "Germany"]
[BlackTeam "Slovenia"]
[WhiteTeamCountry "GER"]
[BlackTeamCountry "SLO"]

1. e4 c5 2. Nf3 Nc6 3. d4 cxd4 4. Nxd4 Qc7 5. Nc3 e6 6. Be2 a6 7. Be3 Nf6 8. a3
Nxd4 9. Qxd4 Bd6 10. O-O-O Be5 11. Qb4 a5 12. Qb3 Bxc3 13. bxc3 Nxe4 14. Bf3
Nf6 15. c4 d5 16. Bb6 Qf4+ 17. Kb1 O-O 18. c5 Nd7 19. g3 Qf6 20. Rhe1 a4 21.
Qe3 Nxb6 22. cxb6 Ra5 23. Rd4 Rb5+ 24. Rb4 Rxb4+ 25. axb4 Bd7 26. Bh1 Rc8 27.
f4 Rc4 28. Qd2 g6 29. Re5 Qd8 30. Bxd5 Bc6 31. f5 exd5 32. b5 Qxb6 33. f6 Qxb5+
34. Kc1 a3 35. Qh6 Qb2+ 0-1

[Event "Mitropa Cup (Women) 2nd"]
[Site "Steinbrunn"]
[Date "2005.05.25"]
[Round "5"]
[White "Horvath, Maria"]
[Black "Mira, Helene"]
[Result "1-0"]
[WhiteElo "2087"]
[BlackElo "2188"]
[PlyCount "61"]
[EventDate "2005.05.21"]
[EventType "team-tourn"]
[EventRounds "9"]
[EventCountry "AUT"]
[Source "ChessBase"]
[SourceDate "2005.07.01"]
[WhiteTeam "Austria (W) II"]
[BlackTeam "Austria (W)"]
[WhiteTeamCountry "AUT"]
[BlackTeamCountry "AUT"]

1. d4 d5 2. c4 Nc6 3. cxd5 Qxd5 4. e3 e5 5. Nc3 Bb4 6. Bd2 Bxc3 7. bxc3 Nf6 8.
Ne2 h5 9. f3 exd4 10. cxd4 h4 11. Nf4 Qd6 12. Bc4 g5 13. Ne2 g4 14. Qb3 Qe7 15.
O-O gxf3 16. Rxf3 O-O 17. Raf1 b5 18. Qxb5 Ne4 19. Qxc6 Nd6 20. Ba6 Bg4 21. Rf4
Bh5 22. Nc3 Rab8 23. Nd5 Qg5 24. Qxc7 Qxd5 25. Rxh4 Rb6 26. Bd3 Qxa2 27. Rxh5
Qxd2 28. Bh7+ Kg7 29. Qe7 Re8 30. Qf6+ Kf8 31. Bg6 1-0

[Event "Mitropa Cup (Women) 2nd"]
[Site "Steinbrunn"]
[Date "2005.05.25"]
[Round "5"]
[White "Kopinits, Anna Christina"]
[Black "Nagy, Laura"]
[Result "1/2-1/2"]
[WhiteElo "2116"]
[BlackElo "1976"]
[PlyCount "124"]
[EventDate "2005.05.21"]
[EventType "team-tourn"]
[EventRounds "9"]
[EventCountry "AUT"]
[Source "ChessBase"]
[SourceDate "2005.07.01"]
[WhiteTeam "Austria (W)"]
[BlackTeam "Austria (W) II"]
[WhiteTeamCountry "AUT"]
[BlackTeamCountry "AUT"]

1. e4 e5 2. Bc4 Nf6 3. Nc3 Bc5 4. d3 c6 5. Qe2 d6 6. Bg5 Be6 7. Bb3 b5 8. f4
exf4 9. e5 dxe5 10. Bxe6 Bxg1 11. Qxe5 Qd4 12. Qxd4 Bxd4 13. Bc8 a6 14. Nd1 O-O
15. Bh3 Re8+ 16. Kd2 Nd5 17. c3 Bf6 18. Bxf6 Nxf6 19. Rf1 Nbd7 20. Rxf4 g5 21.
Bxd7 Nxd7 22. Rf2 Re6 23. Ne3 Nf6 24. Raf1 Kg7 25. h4 gxh4 26. Nf5+ Kg6 27.
Nxh4+ Kg7 28. Nf5+ Kg6 29. Rf3 h5 30. Nh4+ Kg7 31. Nf5+ Kg6 32. Nd4 Rd6 33. Ne2
h4 34. Kc2 Rf8 35. Nf4+ Kg7 36. Rh1 Rh8 37. Rfh3 Nd5 38. Ne2 Rdh6 39. Rf3 Rf6
40. Rxf6 Nxf6 41. Nd4 Ng4 42. Kd2 Ne5 43. Rxh4 Rxh4 44. Nf5+ Kg6 45. Nxh4+ Kh5
46. Nf3 Ng4 47. d4 Kg6 48. b3 Kf5 49. c4 f6 50. Kc3 Ke4 51. Nd2+ Ke3 52. d5 b4+
53. Kxb4 cxd5 54. Nf3 d4 55. c5 Ne5 56. Nxe5 fxe5 57. c6 d3 58. c7 d2 59. c8=Q
d1=Q 60. Qh3+ Kf4 61. Qh4+ Ke3 62. Qf6 Qd2+ 1/2-1/2